| 000 | 00806cam a2200241 a 4500 | ||
|---|---|---|---|
| 001 | 3576605 | ||
| 005 | 20180223082539.0 | ||
| 008 | 990514s2000 njua b 001 0 eng | ||
| 010 | _a 99034076 | ||
| 020 | _a013674334X | ||
| 040 |
_aDLC _cDLC _dDLC |
||
| 041 | _aeng | ||
| 043 | _an-us--- | ||
| 080 | _a371.90973 dav | ||
| 082 | 0 | 0 |
_a371.90973 dav _221 |
| 100 | 1 | _a48 | |
| 101 | _aedu | ||
| 245 | 1 | 0 |
_aTeaching students with severe disabilities / _cDavid L. Westling, Lise Fox. |
| 504 | _aIncludes bibliographical references and indexes. | ||
| 906 |
_a7 _bcbc _corignew _d1 _eocip _f19 _gy-gencatlg |
||
| 942 |
_2ddc _cBK |
||
| 999 |
_c43306 _d43306 |
||